[Event "Reykjavik Open 2015"]
[Site "Reykjavik, "]
[Date "2015.03.11"]
[Round "2.46"]
[White "Sequera Paolini, Jose Rafael"]
[Black "Gonzalez Pruneda, Arturo"]
[Result "1-0"]
[WhiteElo "2408"]
[BlackElo "2131"]
[PlyCount "73"]
[EventDate "2015.03.10"]

1. f4 c5 2. Nf3 d5 3. e3 Nc6 4. d4 Nf6 5. c3 e6 6. Bd3 Be7 7. Nbd2 b6 8. O-O
Bb7 9. b3 O-O 10. Bb2 Ng4 11. Ng5 Bxg5 12. Qxg4 Bf6 13. Nf3 g6 14. Rae1 Ne7 15.
Qh3 Nf5 16. g4 Nd6 17. Ne5 Ne4 18. Bxe4 dxe4 19. c4 Bxe5 20. fxe5 f5 21. exf6
Rxf6 22. dxc5 Rf3 23. Qh6 Qe7 24. Be5 Rd8 25. Rd1 Rd3 26. Rxf3 Rxd1+ 27. Rf1
Rxf1+ 28. Kxf1 bxc5 29. Qf4 Qd8 30. Bd6 Bc8 31. g5 a5 32. Qe5 Qd7 33. Qxc5 a4
34. Ke1 axb3 35. axb3 Kf7 36. Kd2 Bb7 37. Kc3 1-0

[Event "Reykjavik Open 2015"]
[Site "Reykjavik, "]
[Date "2015.03.11"]
[Round "2.47"]
[White "Gonzalez Gonzalez, Alfonso"]
[Black "Soors, Stef"]
[Result "0-1"]
[WhiteElo "2122"]
[BlackElo "2408"]
[PlyCount "106"]
[EventDate "2015.03.10"]

1. e4 c6 2. Nc3 d5 3. Nf3 Bg4 4. h3 Bxf3 5. gxf3 e6 6. d4 Nf6 7. Qd3 b5 8. Rg1
a5 9. Be3 Nbd7 10. Rd1 Nb6 11. Bc1 g6 12. Ne2 Be7 13. Ng3 Qc7 14. Be2 a4 15.
Kf1 O-O-O 16. Qc3 Kb7 17. b3 Ra8 18. Be3 h5 19. e5 Nfd7 20. Kg2 Rhc8 21. Qb2 b4
22. c4 bxc3 23. Qxc3 c5 24. f4 cxd4 25. Qxd4 Bc5 26. Qd2 Bxe3 27. Qxe3 Qc5 28.
Qf3 axb3 29. axb3 Qc3 30. Rd3 Qb2 31. b4 Qxb4 32. Rb3 Qc5 33. Rgb1 Ra5 34. Bb5
Nb8 35. Bf1 Rc6 36. Bb5 Rc8 37. Bf1 N8d7 38. Bb5 Ka8 39. Bxd7 Nxd7 40. Rb7 Ra3
41. R1b3 Rxb3 42. Rxb3 Qc4 43. Qd1 Rc7 44. Qf3 Nc5 45. Rc3 Qd4 46. h4 Kb8 47.
Re3 Ra7 48. Ra3 Rxa3 49. Qxa3 Kb7 50. Kh3 Qxf2 51. Qb4+ Kc6 52. f5 exf5 53. e6
f4 0-1

[Event "Reykjavik Open 2015"]
[Site "Reykjavik, "]
[Date "2015.03.11"]
[Round "2.49"]
[White "Shen, Victor C"]
[Black "Thorsteinsson, Erlingur"]
[Result "1-0"]
[WhiteElo "2401"]
[BlackElo "2119"]
[PlyCount "49"]
[EventDate "2015.03.10"]

1. Nf3 Nf6 2. c4 g6 3. Nc3 d5 4. cxd5 Nxd5 5. Qb3 Nb6 6. d4 Bg7 7. Bf4 O-O 8.
e3 Be6 9. Qa3 Nc6 10. Be2 Re8 11. O-O a6 12. Ng5 Bc4 13. Rfd1 Bxe2 14. Nxe2 e5
15. dxe5 Qe7 16. e6 f6 17. Qxe7 Rxe7 18. Ne4 Na4 19. N4c3 Nxc3 20. Nxc3 Rxe6
21. Nd5 Rc8 22. Nxc7 Re4 23. Nd5 f5 24. Rac1 Ra4 25. Nb6 1-0

[Event "Reykjavik Open 2015"]
[Site "Reykjavik, "]
[Date "2015.03.11"]
[Round "2.50"]
[White "Johannsson, Orn Leo"]
[Black "Foisor, Cristina-Adela"]
[Result "1/2-1/2"]
[WhiteElo "2107"]
[BlackElo "2394"]
[PlyCount "112"]
[EventDate "2015.03.10"]

1. e4 e5 2. Nf3 Nc6 3. d4 exd4 4. Nxd4 Nf6 5. Nxc6 bxc6 6. Bd3 Bc5 7. O-O d6 8.
Bg5 h6 9. Bh4 Rb8 10. Nd2 g5 11. Bg3 Bg4 12. Qe1 Nd7 13. Nb3 Be6 14. Qc3 Rg8
15. Nxc5 Nxc5 16. f4 gxf4 17. Rxf4 Qg5 18. b4 Qe5 19. Qxe5 dxe5 20. Rh4 Rxb4
21. Bxe5 Rg6 22. Bc3 Rb8 23. Bd4 Nxd3 24. cxd3 Rd8 25. Bxa7 Rxd3 26. a4 Bc4 27.
a5 Ba6 28. Bf2 Re6 29. Bg3 Kd7 30. Rf4 Ke8 31. Rf3 Rd4 32. Bxc7 Rdxe4 33. h3 c5
34. Rb1 Re1+ 35. Rxe1 Rxe1+ 36. Kh2 Re2 37. Bb6 c4 38. Re3+ Rxe3 39. Bxe3 h5
40. Bd2 Kd7 41. Kg3 Bb7 42. Kf2 Kc6 43. g4 h4 44. Bg5 Kb5 45. Bxh4 Kxa5 46. Bg5
Be4 47. Bd2+ Kb5 48. Ke3 Bd3 49. Kf4 Kc6 50. Ke5 Kd7 51. Kf6 Ke8 52. Bb4 c3 53.
Kg7 c2 54. Ba3 Be2 55. g5 Bf3 56. h4 Be2 1/2-1/2

[Event "Reykjavik Open 2015"]
[Site "Reykjavik, "]
[Date "2015.03.11"]
[Round "2.51"]
[White "L'ami, Alina"]
[Black "Kenney, Jason"]
[Result "1/2-1/2"]
[WhiteElo "2393"]
[BlackElo "2104"]
[PlyCount "108"]
[EventDate "2015.03.10"]

1. d4 Nf6 2. c4 g6 3. Nc3 d5 4. cxd5 Nxd5 5. Bd2 Bg7 6. e4 Nxc3 7. Bxc3 O-O 8.
Qd2 Nd7 9. Nf3 b6 10. Bd3 Bb7 11. O-O e6 12. b4 c5 13. bxc5 bxc5 14. Ba5 Qb8
15. Rac1 Rc8 16. Bb5 Nf6 17. dxc5 Bxe4 18. Be2 Qb7 19. Rfd1 Rab8 20. h3 Bd5 21.
Qf4 Ne4 22. Qe3 Qb2 23. Ba6 Rc6 24. Bd3 Qxa2 25. Bxe4 Qxa5 26. Bxd5 exd5 27.
Rxd5 Rbc8 28. Ng5 Qc7 29. Rcd1 Rxc5 30. Rd7 Qb6 31. Nxf7 R5c7 32. Nd6 Qxe3 33.
Rxc7 Qxf2+ 34. Kxf2 Rxc7 35. Rb1 Bd4+ 36. Kf3 Rd7 37. Ne4 a5 38. Rd1 Rd8 39.
Rd3 Bb6 40. Rb3 Bd4 41. Ra3 Ra8 42. Ra4 Bb6 43. Nf6+ Kg7 44. Nd5 Rf8+ 45. Ke4
Bd8 46. g4 Rf1 47. Nf4 Kf7 48. Rd4 Ke8 49. Ne6 Bb6 50. Rc4 Kd7 51. Ng5 Re1+ 52.
Kd5 Re7 53. Ne4 Bc7 54. Nc5+ Ke8 1/2-1/2

[Event "Reykjavik Open 2015"]
[Site "Reykjavik, "]
[Date "2015.03.11"]
[Round "2.53"]
[White "Ahlander, Bjorn"]
[Black "Gulbrandsen, Tor"]
[Result "1-0"]
[WhiteElo "2380"]
[BlackElo "2095"]
[PlyCount "66"]
[EventDate "2015.03.10"]

1. e4 e6 2. d4 d5 3. Nd2 Nf6 4. Bd3 dxe4 5. Nxe4 Nbd7 6. Ne2 Be7 7. O-O O-O 8.
Be3 b6 9. c3 Bb7 10. N4g3 c5 11. Rc1 cxd4 12. cxd4 Rc8 13. Nc3 Nd5 14. Bd2 N7f6
15. a3 Nxc3 16. bxc3 a6 17. a4 Re8 18. Qe2 a5 19. Rb1 Nd5 20. Qe4 g6 21. Qe1
Qc7 22. Rb3 Bc6 23. Qa1 Qd7 24. Bb5 Bxb5 25. Rxb5 Rc4 26. Ne4 Rec8 27. Qa2 R4c6
28. Re1 f5 29. Ng3 Kf7 30. Ne2 Nf6 31. Nf4 Ne4 32. d5 exd5 33. Rxd5 Qc7 1-0

[Event "Reykjavik Open 2015"]
[Site "Reykjavik, "]
[Date "2015.03.11"]
[Round "2.55"]
[White "Abdumalik, Zhansaya"]
[Black "Thorhallsson, Gylfi"]
[Result "1-0"]
[WhiteElo "2379"]
[BlackElo "2084"]
[PlyCount "31"]
[EventDate "2015.03.10"]

1. e4 c5 2. Nf3 Nc6 3. d4 cxd4 4. Nxd4 Nf6 5. Nc3 d6 6. Bg5 e6 7. Qd2 Be7 8.
O-O-O a6 9. f4 Nxd4 10. Qxd4 Qa5 11. Be2 Qc5 12. Qd3 b5 13. Bf3 Rb8 14. e5 dxe5
15. Ne4 Nxe4 16. Qd8+ 1-0

[Event "Reykjavik Open 2015"]
[Site "Reykjavik, "]
[Date "2015.03.11"]
[Round "2.57"]
[White "Hald, Jens Erik Kofoed"]
[Black "Arngrimsson, Dagur"]
[Result "0-1"]
[WhiteElo "2069"]
[BlackElo "2366"]
[PlyCount "58"]
[EventDate "2015.03.10"]

1. Nf3 d5 2. g3 Nf6 3. Bg2 g6 4. O-O Bg7 5. d3 O-O 6. Nbd2 b6 7. c4 Bb7 8. Rb1
c5 9. b3 Nc6 10. Re1 Qc7 11. e4 dxe4 12. dxe4 Nb4 13. e5 Ng4 14. h3 Nxe5 15.
Nxe5 Bxg2 16. Kxg2 Bxe5 17. Nf3 Bf6 18. Bf4 Qb7 19. Qe2 e5 20. Bxe5 Bxe5 21.
Qxe5 Nd3 22. Qg5 Nxe1+ 23. Rxe1 Rfe8 24. Rd1 Qe7 25. Qh6 Rad8 26. Rxd8 Rxd8 27.
h4 Qe4 28. Qg5 Rd3 29. Qf6 h5 0-1

[Event "Reykjavik Open 2015"]
[Site "Reykjavik, "]
[Date "2015.03.11"]
[Round "2.60"]
[White "Christiansen, Johan-Sebastian"]
[Black "Miller, David"]
[Result "1-0"]
[WhiteElo "2351"]
[BlackElo "2066"]
[PlyCount "79"]
[EventDate "2015.03.10"]

1. c4 Nf6 2. g3 g6 3. Bg2 Bg7 4. Nc3 O-O 5. Nf3 d6 6. O-O e5 7. d3 Nc6 8. b3
Nh5 9. Bb2 f5 10. Qd2 f4 11. Ne4 Nf6 12. Nxf6+ Bxf6 13. b4 g5 14. b5 Ne7 15. d4
g4 16. Ne1 Ng6 17. Rd1 Qe8 18. Nd3 c6 19. dxe5 Nxe5 20. Nxe5 Bxe5 21. Bxe5 dxe5
22. bxc6 bxc6 23. Qd6 f3 24. exf3 gxf3 25. Bh1 Bh3 26. Rfe1 e4 27. Qh6 Qe6 28.
Qxe6+ Bxe6 29. Rxe4 Bf5 30. Re3 Bg4 31. Rd4 h5 32. h3 Bxh3 33. Bxf3 c5 34. Rh4
Rxf3 35. Rxf3 Bg4 36. Rf4 Rb8 37. f3 Rb1+ 38. Kf2 Rb2+ 39. Ke3 Be6 40. Rxh5 1-0

[Event "Reykjavik Open 2015"]
[Site "Reykjavik, "]
[Date "2015.03.11"]
[Round "2.61"]
[White "Bjarnason, Vignir"]
[Black "Gulamali, Kazim"]
[Result "0-1"]
[WhiteElo "1895"]
[BlackElo "2350"]
[PlyCount "90"]
[EventDate "2015.03.10"]

1. e4 c5 2. c3 Nf6 3. e5 Nd5 4. d4 cxd4 5. Nf3 e6 6. cxd4 d6 7. Bc4 Nb6 8. Bb3
Be7 9. Nc3 dxe5 10. Nxe5 Nc6 11. Qf3 O-O 12. Nxc6 bxc6 13. O-O Qxd4 14. Rd1 Qf6
15. Qxc6 Ba6 16. Qe4 Rfc8 17. Be3 Nc4 18. Bc2 Qh4 19. Bd3 Nxe3 20. Bxa6 Nxd1
21. Qxh4 Bxh4 22. Rxd1 Rd8 23. Kf1 Bf6 24. Ke2 Rxd1 25. Nxd1 Kf8 26. b4 Rb8 27.
a3 Rb6 28. Bd3 Bd4 29. b5 f5 30. a4 Ke7 31. Ne3 Bxe3 32. Kxe3 g5 33. Kd4 Kd6
34. a5 Rb8 35. f3 Rc8 36. h3 h6 37. g3 e5+ 38. Ke3 Rc3 39. g4 fxg4 40. hxg4 Kd5
41. a6 Rb3 42. Kd2 Kd4 43. Bf1 Rxf3 44. b6 Rxf1 45. bxa7 Rf8 0-1

[Event "Reykjavik Open 2015"]
[Site "Reykjavik, "]
[Date "2015.03.11"]
[Round "2.63"]
[White "Hamitevici, Vladimir"]
[Black "Benet Morant, Damia"]
[Result "1-0"]
[WhiteElo "2450"]
[BlackElo "2044"]
[PlyCount "55"]
[EventDate "2015.03.10"]

1. e4 Nf6 2. e5 Nd5 3. d4 d6 4. Bc4 c6 5. Qe2 Bf5 6. Nf3 e6 7. O-O Nd7 8. h3
Nb4 9. Bb3 d5 10. a3 Na6 11. Nbd2 g5 12. g4 Bg6 13. Re1 h5 14. Nf1 Be7 15. Ng3
hxg4 16. hxg4 Qb6 17. Ba2 O-O-O 18. c3 Rdg8 19. b4 Qd8 20. Kg2 Rh4 21. Nxh4
gxh4 22. Nf1 Be4+ 23. f3 f5 24. fxe4 Rxg4+ 25. Kh1 Qg8 26. Nh2 Rxe4 27. Qf2 Rg4
28. Bf4 1-0

[Event "Reykjavik Open 2015"]
[Site "Reykjavik, "]
[Date "2015.03.11"]
[Round "2.66"]
[White "Haug, Johannes"]
[Black "De Winter, Eric"]
[Result "1-0"]
[WhiteElo "2339"]
[BlackElo "1776"]
[PlyCount "35"]
[EventDate "2015.03.10"]

1. e4 g6 2. d4 d6 3. Be3 Bg7 4. Nc3 Nf6 5. f3 c6 6. Qd2 b5 7. Bd3 a6 8. O-O-O
Nfd7 9. Bf1 Nb6 10. Bh6 O-O 11. h4 b4 12. Nb1 e6 13. h5 Qf6 14. Bg5 Qxd4 15.
Qxd4 Bxd4 16. Rxd4 f6 17. Be3 c5 18. Rxd6 1-0

[Event "Reykjavik Open 2015"]
[Site "Reykjavik, "]
[Date "2015.03.11"]
[Round "2.77"]
[White "Sigurdsson, Birkir Karl"]
[Black "Chan, James"]
[Result "1-0"]
[WhiteElo "1767"]
[BlackElo "2038"]
[PlyCount "79"]
[EventDate "2015.03.10"]

1. d4 Nf6 2. c4 g6 3. Nc3 d5 4. Nf3 Bg7 5. Qb3 dxc4 6. Qxc4 O-O 7. e4 Na6 8.
Be2 c5 9. d5 e6 10. O-O exd5 11. exd5 Bf5 12. Be3 Rc8 13. Rfd1 Re8 14. Rac1 Ne4
15. Qb3 Nd6 16. Nb5 Nxb5 17. Bxb5 Bd7 18. d6 h6 19. Bc4 Rf8 20. Qxb7 Nb8 21.
Qxa7 Nc6 22. Qa3 Ne5 23. Nxe5 Bxe5 24. f4 Bg7 25. Bxc5 Qf6 26. Bd4 Qxf4 27.
Bxg7 Kxg7 28. Qd3 Qg5 29. Rc3 Kh7 30. Bd5 Bf5 31. Be4 Bd7 32. Bf3 Rcd8 33. Rc7
Qa5 34. a3 Rfe8 35. b4 Qg5 36. Qd2 Qh4 37. Qf2 Qxf2+ 38. Kxf2 Ba4 39. Rd2 Kg7
40. Bc6 1-0

[Event "Reykjavik Open 2015"]
[Site "Reykjavik, "]
[Date "2015.03.11"]
[Round "2.78"]
[White "Strand, Kjetil"]
[Black "Nilsen, Tobias Lang"]
[Result "1-0"]
[WhiteElo "2037"]
[BlackElo "1761"]
[PlyCount "87"]
[EventDate "2015.03.10"]

1. e4 c6 2. d4 d5 3. exd5 cxd5 4. c4 Nf6 5. Nc3 Nc6 6. Nf3 Bg4 7. cxd5 Nxd5 8.
Qb3 Bxf3 9. gxf3 Nb6 10. Be3 e6 11. O-O-O Rc8 12. Kb1 Be7 13. d5 Nxd5 14. Nxd5
exd5 15. Bh3 Ra8 16. Rxd5 Qc7 17. Rd7 Qb8 18. Rxb7 Qd6 19. Bd7+ Kf8 20. Bxc6
Qxc6 21. Rb8+ Rxb8 22. Qxb8+ Qe8 23. Qxe8+ Kxe8 24. Bxa7 Kd7 25. Bd4 Rg8 26.
Rg1 g6 27. f4 Ke6 28. Re1+ Kd7 29. Be5 Ke6 30. Re4 Kf5 31. f3 g5 32. Bc7 Bf6
33. fxg5 Bxg5 34. Re5+ Kf6 35. Rb5 Rc8 36. f4 Bh4 37. Rb7 Bf2 38. a4 Ke6 39. a5
Kd5 40. Bb6 Kc6 41. Rxf7 Bxb6 42. Rf6+ Kc5 43. Rxb6 Ra8 44. b4+ 1-0

[Event "Reykjavik Open 2015"]
[Site "Reykjavik, "]
[Date "2015.03.11"]
[Round "2.79"]
[White "Kjartansson, Dagur"]
[Black "Lunn, Matthew"]
[Result "0-1"]
[WhiteElo "1756"]
[BlackElo "2034"]
[PlyCount "122"]
[EventDate "2015.03.10"]

1. c4 g6 2. Nc3 Bg7 3. g3 c5 4. Bg2 Nc6 5. e3 e5 6. Nge2 Nge7 7. O-O O-O 8. b3
d6 9. Bb2 Be6 10. a3 d5 11. d3 d4 12. exd4 exd4 13. Ne4 Qb6 14. Nf4 Bd7 15. Qc2
Rae8 16. Rfe1 a5 17. Nd6 Rb8 18. Nd5 Nxd5 19. cxd5 Ne5 20. Nc4 Nxc4 21. bxc4
Rfe8 22. Rad1 Bg4 23. f3 Bf5 24. Bc1 Qc7 25. Bf4 Be5 26. Bxe5 Rxe5 27. g4 Bd7
28. Qf2 Rbe8 29. Qg3 Rxe1+ 30. Rxe1 Qxg3 31. Rxe8+ Bxe8 32. hxg3 Kf8 33. f4 b5
34. cxb5 Bxb5 35. Be4 Ke7 36. Kf2 Kd6 37. Ke2 Ba4 38. Kd2 Bb3 39. Bf3 Bxd5 40.
Be2 Kc6 41. g5 Kb5 42. Kc2 c4 43. dxc4+ Bxc4 44. Bf3 Kc5 45. Bg4 Kd5 46. Bf3+
Ke6 47. Bg4+ f5 48. Bf3 Bd5 49. Be2 Be4+ 50. Kb3 Kd5 51. Bc4+ Kc5 52. Bf1 d3
53. Kc3 Kb5 54. Kb3 Bd5+ 55. Kc3 Ka4 56. Bxd3 Kxa3 57. Bc2 a4 58. Bd1 Bb3 59.
Be2 Ka2 60. Bb5 a3 61. Bc6 Kb1 0-1

[Event "Reykjavik Open 2015"]
[Site "Reykjavik, "]
[Date "2015.03.11"]
[Round "2.81"]
[White "Steingrimsson, Karl Egill"]
[Black "Cabello Aguilar, Enrique"]
[Result "0-1"]
[WhiteElo "1720"]
[BlackElo "2015"]
[PlyCount "82"]
[EventDate "2015.03.10"]

1. d4 Nf6 2. Nf3 c5 3. g3 cxd4 4. Nxd4 Nc6 5. Nxc6 bxc6 6. Bg2 g6 7. O-O Bg7 8.
c3 O-O 9. Bg5 h6 10. Bxf6 Bxf6 11. Qc2 Rb8 12. Nd2 d5 13. Nb3 Qb6 14. Rfd1 a5
15. Rab1 a4 16. Nd2 Ba6 17. Re1 Qa5 18. e4 e6 19. e5 Bg7 20. b3 axb3 21. axb3
Qc7 22. Ra1 Ra8 23. Nf3 c5 24. h4 h5 25. Ra2 Bd3 26. Qd2 Be4 27. Rxa8 Rxa8 28.
Qf4 Ra3 29. Nd2 Bxe5 30. Qe3 Bxg2 31. Kxg2 Ra2 32. Nf3 Bxg3 33. Re2 Bf4 34. Qd3
c4 35. bxc4 Rxe2 36. Qxe2 Qxc4 37. Qb2 Bd6 38. Nd4 e5 39. Qb6 exd4 40. Qxd6
dxc3 41. Qb8+ Kh7 0-1

[Event "Reykjavik Open 2015"]
[Site "Reykjavik, "]
[Date "2015.03.11"]
[Round "2.82"]
[White "Gschwendtner, Stanislav"]
[Black "Olsen, William"]
[Result "1-0"]
[WhiteElo "2009"]
[BlackElo "1716"]
[PlyCount "91"]
[EventDate "2015.03.10"]

1. c4 c5 2. Nf3 Nf6 3. Nc3 g6 4. d4 cxd4 5. Nxd4 Nc6 6. g3 Bg7 7. Nc2 O-O 8.
Bg2 d6 9. O-O Be6 10. b3 Qd7 11. Rb1 Bh3 12. Ne3 Bxg2 13. Kxg2 Ng4 14. Ncd5
Nxe3+ 15. Bxe3 Rab8 16. a4 a5 17. Qd2 Rfd8 18. Rbd1 e6 19. Nc3 Nb4 20. f3 Qc6
21. Bg5 f6 22. Bf4 e5 23. Be3 Rd7 24. Nd5 Nxd5 25. Qxd5+ Qxd5 26. Rxd5 Kf7 27.
Rxa5 Ke6 28. Rd1 f5 29. Rad5 h6 30. h4 Rf8 31. Bc5 Rfd8 32. Bb6 Rc8 33. e4 Rc6
34. a5 Bf8 35. Be3 h5 36. Rb5 Be7 37. Rdd5 Rdc7 38. exf5+ Kxf5 39. Bb6 Rd7 40.
f4 Bf6 41. fxe5 Bxe5 42. Bd4 Ke6 43. Bxe5 dxe5 44. Rxd7 Kxd7 45. Rxb7+ Kd6 46.
Rb6 1-0

[Event "Reykjavik Open 2015"]
[Site "Reykjavik, "]
[Date "2015.03.11"]
[Round "2.84"]
[White "Murray, Michael A"]
[Black "Holm, Fridgeir K"]
[Result "0-1"]
[WhiteElo "2008"]
[BlackElo "1700"]
[PlyCount "82"]
[EventDate "2015.03.10"]

1. e4 e5 2. Nc3 c6 3. d4 exd4 4. Qxd4 d6 5. Bf4 Qb6 6. Qxb6 axb6 7. Rd1 b5 8.
a3 Kd7 9. Be2 Na6 10. e5 d5 11. Nxd5 cxd5 12. Bxb5+ Ke6 13. Nf3 Nc7 14. Nd4+
Ke7 15. O-O h6 16. c4 Nxb5 17. Nxb5 dxc4 18. Nc7 Ra4 19. Be3 f5 20. Bc5+ Kf7
21. Bxf8 Kxf8 22. Rd8+ Ke7 23. Rxc8 Kd7 24. Ra8 Rxa8 25. Nxa8 Kc6 26. Rc1 b5
27. b3 Ne7 28. Nc7 Kxc7 29. bxc4 bxc4 30. Rxc4+ Nc6 31. f4 Kb6 32. a4 Rd8 33.
Kf2 Rd4 34. Rxd4 Nxd4 35. h3 Ne6 36. Kf3 Ka5 37. g4 g6 38. gxf5 gxf5 39. Kg3
Kxa4 40. Kh4 Nxf4 41. e6 Nxe6 0-1

[Event "Reykjavik Open 2015"]
[Site "Reykjavik, "]
[Date "2015.03.11"]
[Round "2.87"]
[White "Hauksdottir, Hrund"]
[Black "Carlsen, Henrik"]
[Result "0-1"]
[WhiteElo "1692"]
[BlackElo "1986"]
[PlyCount "96"]
[EventDate "2015.03.10"]

1. e4 e6 2. d4 d5 3. exd5 exd5 4. Bd3 Bd6 5. c3 Ne7 6. Bg5 f6 7. Bh4 Bf5 8. Bg3
Be4 9. Bxe4 dxe4 10. Qg4 O-O 11. Qxe4 Ng6 12. Qxb7 Qe7+ 13. Ne2 Nd7 14. Nd2
Rfe8 15. Qf3 Bf4 16. Nc4 c5 17. Ne3 cxd4 18. Nxd4 Nde5 19. Qd5+ Nf7 20. Ndf5
Qc7 21. O-O Rad8 22. Qb3 Qc5 23. Rad1 Rb8 24. Qa4 Bxg3 25. hxg3 Re5 26. Rd2
Rxf5 27. Nxf5 Qxf5 28. Qxa7 Rf8 29. Rd7 Nge5 30. Rc7 Qg6 31. a4 Ng4 32. f3 Nge5
33. a5 Qxg3 34. a6 Nd6 35. Qc5 h5 36. f4 Ng4 37. Qd5+ Kh8 38. Qxh5+ Kg8 39. Re7
Ne3 40. Qf3 Nxf1 41. Qxf1 Nf5 42. Rb7 Re8 43. a7 Re1 44. a8=Q+ Kh7 45. Qaa6 Ne3
46. Qad3+ Kh6 47. Rxg7 Kxg7 48. Qd7+ Kh6 0-1

[Event "Reykjavik Open 2015"]
[Site "Reykjavik, "]
[Date "2015.03.11"]
[Round "2.88"]
[White "Vigdal, Per Kr"]
[Black "Fjallheim, Elmar"]
[Result "1-0"]
[WhiteElo "1985"]
[BlackElo "1678"]
[PlyCount "55"]
[EventDate "2015.03.10"]

1. e4 e6 2. d4 d5 3. e5 c5 4. Qg4 h6 5. Nf3 Qb6 6. Bd3 Nc6 7. O-O cxd4 8. c3
dxc3 9. Nxc3 Bd7 10. Nb5 Nxe5 11. Nxe5 Bxb5 12. Be3 Qa6 13. Qh5 g6 14. Bxg6
fxg6 15. Qxg6+ Kd8 16. Nf7+ Kd7 17. Nxh8 Ne7 18. Qf7 Bxf1 19. Ng6 Bd3 20. Nxf8+
Rxf8 21. Qxf8 e5 22. Bc5 Qe6 23. Bxe7 Qxe7 24. Qxh6 e4 25. Rc1 Bb5 26. Qh3+ Kd6
27. Qa3+ Kd7 28. Rc7+ 1-0

[Event "Reykjavik Open 2015"]
[Site "Reykjavik, "]
[Date "2015.03.11"]
[Round "2.89"]
[White "Rist, Karl-Johan"]
[Black "Valtysson, Thor"]
[Result "0-1"]
[WhiteElo "1677"]
[BlackElo "1974"]
[PlyCount "52"]
[EventDate "2015.03.10"]

1. d4 d5 2. c4 c6 3. Nf3 Nf6 4. Nc3 dxc4 5. e4 b5 6. Be2 e6 7. O-O Bb7 8. Bg5
Be7 9. Qc2 h6 10. Bd2 O-O 11. h3 Nbd7 12. Rfe1 a6 13. Nh2 c5 14. Be3 cxd4 15.
Bxd4 Qc7 16. Bf3 Rfd8 17. Be3 Ne5 18. Be2 Nd3 19. Red1 Nb4 20. Qb1 Rxd1+ 21.
Qxd1 Nxe4 22. Nxe4 Bxe4 23. Qd4 Qb7 24. Bd1 Rd8 25. Qe5 Bf6 26. Qg3 Bxb2 0-1

[Event "Reykjavik Open 2015"]
[Site "Reykjavik, "]
[Date "2015.03.11"]
[Round "2.90"]
[White "Stuhr, Peter Sebastian"]
[Black "Lee, Gudmundur Kristinn"]
[Result "0-1"]
[WhiteElo "1973"]
[BlackElo "1676"]
[PlyCount "70"]
[EventDate "2015.03.10"]

1. e4 e5 2. Nc3 Bc5 3. Bc4 Nf6 4. d3 d6 5. Be3 Bb6 6. Nge2 Be6 7. Bb3 Bxe3 8.
Ba4+ b5 9. Nxb5 c6 10. Nxd6+ Qxd6 11. fxe3 Qb4+ 12. c3 Qb6 13. Qc1 Nbd7 14. b4
a5 15. a3 O-O 16. Bc2 axb4 17. cxb4 c5 18. Rb1 cxb4 19. axb4 Ra2 20. Nc3 Ra6
21. Qd2 Ng4 22. d4 Nxe3 23. d5 Nxc2+ 24. Qxc2 Qe3+ 25. Ne2 Bg4 26. h3 Bh5 27.
Kd1 Rfa8 28. g4 Ra2 29. Rb2 Rxb2 30. Qxb2 Qxe4 31. Rf1 Qxd5+ 32. Ke1 Bg6 33.
Nc3 Qd4 34. Rf2 Nb6 35. Nb5 Ra1+ 0-1

[Event "Reykjavik Open 2015"]
[Site "Reykjavik, "]
[Date "2015.03.11"]
[Round "2.92"]
[White "Masungwini, Michael T"]
[Black "Van Zyl-Rudd, Jack"]
[Result "1-0"]
[WhiteElo "1972"]
[BlackElo "1648"]
[PlyCount "59"]
[EventDate "2015.03.10"]

1. d4 Nf6 2. Bg5 Ne4 3. Bf4 d5 4. f3 Nf6 5. c4 c6 6. Nc3 g6 7. e4 dxe4 8. fxe4
Bg4 9. Qd2 Bg7 10. h3 Bc8 11. Be2 O-O 12. O-O-O Nbd7 13. g4 Qa5 14. e5 Ne8 15.
Nf3 b5 16. Kb1 bxc4 17. Bxc4 Nb6 18. Bb3 e6 19. h4 c5 20. h5 Bb7 21. Rh3 Bxf3
22. Rxf3 Rd8 23. h6 Rxd4 24. hxg7 Nxg7 25. Qe2 Rfd8 26. Rh1 c4 27. Qh2 cxb3 28.
Qxh7+ Kf8 29. Qh8+ Ke7 30. Bg5+ 1-0

[Event "Reykjavik Open 2015"]
[Site "Reykjavik, "]
[Date "2015.03.11"]
[Round "2.93"]
[White "Palmeri, Ralph P"]
[Black "Gyldenas, Ole Jorn"]
[Result "0-1"]
[WhiteElo "1642"]
[BlackElo "1969"]
[PlyCount "92"]
[EventDate "2015.03.10"]

1. d4 d5 2. Nf3 Nf6 3. g3 Nc6 4. Bg2 Bg4 5. c3 Bxf3 6. exf3 g6 7. Nd2 Bg7 8.
Nf1 O-O 9. Ne3 e6 10. Bd2 e5 11. dxe5 Nxe5 12. Qc2 c5 13. Rd1 d4 14. Ng4 Nexg4
15. fxg4 Qe7+ 16. Kf1 Nxg4 17. h3 Ne5 18. cxd4 cxd4 19. Re1 Qd7 20. Qb3 Nc6 21.
Bf3 h6 22. Kg2 Rad8 23. Be4 Kh7 24. Kh2 f5 25. Bb1 Rfe8 26. Bd3 a6 27. Bf4 Kh8
28. h4 Ne5 29. Bxe5 Bxe5 30. Rd1 Kg7 31. Rd2 f4 32. Rg1 f3 33. Re1 b5 34. Rc1
Qg4 35. a4 Qxh4+ 36. Kg1 Bxg3 37. fxg3 Qxg3+ 38. Kf1 Qh3+ 39. Kg1 Qg3+ 40. Kf1
Qh3+ 41. Kg1 Re5 42. Rc7+ Rd7 43. Rxd7+ Qxd7 44. Bf1 Qg4+ 45. Kf2 Re2+ 46. Bxe2
Qg2+ 0-1

[Event "Reykjavik Open 2015"]
[Site "Reykjavik, "]
[Date "2015.03.11"]
[Round "2.96"]
[White "Petersson, Baldur Teodor"]
[Black "Steinthorsson, Felix"]
[Result "1/2-1/2"]
[WhiteElo "1951"]
[BlackElo "1634"]
[PlyCount "105"]
[EventDate "2015.03.10"]

1. d4 d5 2. Nf3 Nf6 3. Bf4 Bf5 4. e3 e6 5. c3 c5 6. Qb3 Qb6 7. Bb5+ Nc6 8. Ne5
Rc8 9. dxc5 Bxc5 10. Nd2 O-O 11. Bxc6 bxc6 12. O-O Rfd8 13. Rfe1 Bd6 14. h3
Bxe5 15. Bxe5 Ne4 16. Nxe4 Bxe4 17. Rac1 f6 18. Bg3 e5 19. Qa3 Kf7 20. Red1 c5
21. Rd2 c4 22. Rcd1 Qc5 23. Qxc5 Rxc5 24. f3 Bd3 25. b4 Rc6 26. Bf2 Ra6 27. Rb2
Ra3 28. Rc1 Rb8 29. Be1 Rb5 30. Ra1 a5 31. Kf2 axb4 32. Rxb4 Rxb4 33. cxb4 c3
34. g4 c2 35. Bd2 Bc4 36. Bc1 Rxa2 37. Rxa2 Bxa2 38. Ke2 Ke6 39. Kd2 Bb1 40.
Kc3 Kd6 41. f4 Kc6 42. h4 h6 43. g5 hxg5 44. fxg5 fxg5 45. hxg5 g6 46. Bb2 Kb5
47. Kd2 Kxb4 48. Bxe5 Kc5 49. Bd4+ Kd6 50. Bf6 Ke6 51. Bd4 Kf5 52. Bf6 Kg4 53.
Be7 1/2-1/2

[Event "Reykjavik Open 2015"]
[Site "Reykjavik, "]
[Date "2015.03.11"]
[Round "2.98"]
[White "Haraldsson, Haraldur"]
[Black "Nordquelle, Pal"]
[Result "1-0"]
[WhiteElo "1948"]
[BlackElo "1599"]
[PlyCount "47"]
[EventDate "2015.03.10"]

1. e4 c5 2. Nf3 e6 3. d4 cxd4 4. Nxd4 Nc6 5. Nc3 Bb4 6. Nxc6 bxc6 7. Qd4 Bxc3+
8. Qxc3 f6 9. Be3 Ne7 10. O-O-O O-O 11. g4 a5 12. h4 Qe8 13. h5 d5 14. h6 g6
15. g5 dxe4 16. gxf6 Nd5 17. Qe5 Nxf6 18. Bd4 Qd8 19. Bc4 a4 20. Bc5 Qa5 21.
Rh4 Ra7 22. Bxe6+ Raf7 23. Bc4 Re8 24. Qxf6 1-0

[Event "Reykjavik Open 2015"]
[Site "Reykjavik, "]
[Date "2015.03.11"]
[Round "2.99"]
[White "Fjallheim, Leif Reinert"]
[Black "Baldvinsson, Loftur"]
[Result "0-1"]
[WhiteElo "1525"]
[BlackElo "1945"]
[PlyCount "98"]
[EventDate "2015.03.10"]

1. e4 d6 2. d4 Nf6 3. Nc3 g6 4. Nf3 Bg7 5. Bc4 O-O 6. O-O Na6 7. Bg5 c5 8. h3
cxd4 9. Nxd4 Qa5 10. Qd2 Qb4 11. Bb3 Nc5 12. f3 Nfxe4 13. fxe4 Qxd4+ 14. Qxd4
Bxd4+ 15. Kh1 Nxb3 16. cxb3 f6 17. Bh6 Rf7 18. Rf3 Bd7 19. Raf1 Bc6 20. Rf4 Be3
21. Rh4 Bxh6 22. Rxh6 g5 23. h4 g4 24. Rf4 Rg7 25. Kh2 g3+ 26. Kg1 Rc8 27. Rh5
b5 28. Nxb5 Be8 29. Rd5 Rc1+ 30. Rf1 Rc2 31. Rb1 Rg4 32. Nd4 Rc8 33. Nf5 Rxe4
34. Nxg3 Rg4 35. Nf5 Kf8 36. Re1 Bc6 37. Rd2 Be4 38. Ng3 Bb7 39. Nf5 Rc7 40.
Kh2 Bc8 41. Nd4 Rxh4+ 42. Kg3 Rg4+ 43. Kf3 h5 44. Ne6+ Bxe6 45. Rxe6 Rc5 46. g3
Rf5+ 47. Kg2 Rfg5 48. Rde2 Rg7 49. b4 Rxb4 0-1